| 000 | 007560000a22002410004500 | ||
|---|---|---|---|
| 003 | LK-CoMWRAF | ||
| 005 | 20231120113109.0 | ||
| 008 | 230817t1996 ||||| |||| 00| 0 eng d | ||
| 040 |
_aLK-CoMWRAF _dLK-CoMWRAF _eLK-CoMWRAF |
||
| 041 | _aeng | ||
| 082 |
_a297.577 _bFAT |
||
| 245 | _aFatwas against women in Bangladesh | ||
| 260 |
_a[Grabels]: _bWomen Living Under Muslim Laws (WLUML), _c1996 |
||
| 300 | _a148 p. : maps ; 21 cm. | ||
| 490 | _aReaders and compilations | ||
| 650 | _aFATWAS | ||
| 650 | _aIslam-Bangladesh --Customs and practices; | ||
| 650 | _aIslamic fundamentalism -Bangladesh; | ||
| 650 | _aWomen - Bangladesh -Social conditions | ||
| 700 |
_aMarie-Aimee Helie Lucas _ecomp. |
||
| 700 |
_aHarsh Kapoor _ecomp. |
||
| 942 | _cBK | ||
| 999 |
_c1217 _d1217 |
||